000 00393pab a2200157 454500
008 180718b1999 xxu||||| |||| 00| 0 eng d
100 _aChand, Himal
245 _aThreat of rising unemployment in Haryana
260 _c1999
300 _ap.114-23
362 _aJan-Mar
650 _aUnemployment - India - Haryana
650 _aUnemployment
773 _aIASSI Quarterly
909 _a43431
999 _c43431
_d43431